| 000 -LEADER |
| fixed length control field |
00749nam a22001937a 4500 |
| 020 ## - INTERNATIONAL STANDARD BOOK NUMBER |
| ISBN |
9780323809320 (hardcover : alk. paper) |
| 082 ## - DEWEY DECIMAL CLASSIFICATION NUMBER |
| Classification number |
362.18 |
| Item number |
C576 2024 |
| 100 ## - MAIN ENTRY--AUTHOR NAME |
| Personal name |
Ciottone, Gregory R., author. |
| 245 ## - TITLE STATEMENT |
| Title |
Ciottone's Disaster medicine / Gregory R. Ciottone, MD, FACEP, FFSEM ; associate editors, Frederick M. Burkle, Jr., MD, MPH, DTM, [and five others]. |
| 250 ## - EDITION STATEMENT |
| Edition statement |
Third edition. |
| 260 ## - PUBLICATION, DISTRIBUTION, ETC. (IMPRINT) |
| Place of publication |
Philadelphia, PA : |
| Name of publisher |
Elsevier, |
| Year of publication |
©2024. |
| 300 ## - PHYSICAL DESCRIPTION |
| Number of Pages |
xxxiii, 1044 pages : |
| Other physical details |
illustrations ; 28 cm |
| 500 ## - GENERAL NOTE |
| General note |
Includes bibliographical references and index. |
| 650 ## - SUBJECT ADDED ENTRY--TOPICAL TERM |
| Topical Term |
Disaster medicine. |
| 650 ## - SUBJECT ADDED ENTRY--TOPICAL TERM |
| Topical Term |
Bioterrorism -- Prevention & control. |
| 650 ## - SUBJECT ADDED ENTRY--TOPICAL TERM |
| Topical Term |
Disasters. |
| 700 ## - ADDED ENTRY--PERSONAL NAME |
| Personal name |
Burkle, Frederick M. Jr., editor. |
| 942 ## - ADDED ENTRY ELEMENTS (KOHA) |
| Koha item type |
Books |